000 00392nam a22001697a 4500
005 20201216134130.0
008 160621b xxu||||| |||| 00| 0 eng d
020 _a978-0-07-05855-5
041 _aeng
082 _b8698
100 _aMukherjee, A, and Hanif M
_96331
245 _aFinancial Accounting
260 _bTMH
_c2008
300 _a4088
650 _aManagement
_9241
942 _cBK
999 _c3358
_d3357